Catálogo público

Calidad y excelencia / (Record no. 218651)

MARC details
000 -CABECERA
campo de control de longitud fija 03719nam a2200397 a 4500
003 - IDENTIFICADOR DEL NÚMERO DE CONTROL
campo de control CHAP
005 - FECHA Y HORA DE LA ÚLTIMA TRANSACCIÓN
campo de control 20230502104228.0
007 - CAMPO FIJO DE DESCRIPCIÓN FÍSICA--INFORMACIÓN GENERAL
campo de control de longitud fija ta
008 - DATOS DE LONGITUD FIJA--INFORMACIÓN GENERAL
campo de control de longitud fija 230428s2019 sp ado|fr|||| 001 0 spa d
020 ## - NÚMERO INTERNACIONAL ESTÁNDAR DEL LIBRO
Número Internacional Estándar del Libro 978-84-16383-53-5
040 ## - FUENTE DE LA CATALOGACIÓN
Centro catalogador/agencia de origen mxchpua
Centro/agencia transcriptor CHAP
Normas de descripción rda
050 10 - SIGNATURA TOPOGRÁFICA DE LA BIBLIOTECA DEL CONGRESO
Número de clasificación TS156
Número de documento/Ítem .M57 2019
082 00 - NÚMERO DE LA CLASIFICACIÓN DECIMAL DEWEY
Número de clasificación 658.562
Número de documento/Ítem M57 2019
Número de edición 20
100 1# - ENTRADA PRINCIPAL--NOMBRE DE PERSONA
9 (RLIN) 186856
Nombre de persona Miranda González, Francisco J.
Término indicativo de función/relación autor
245 10 - MENCIÓN DE TÍTULO
Título Calidad y excelencia /
Mención de responsabilidad, etc. Francisco J. Miranda González, Antonio Chamorro Mera, Sergio Rubio Lacoba
250 ## - MENCIÓN DE EDICIÓN
Mención de edición 1a edición
264 ## - PRODUCCIÓN, PUBLICACIÓN, DISTRIBUCIÓN, FABRICACIÓN Y COPYRIGHT
Producción, publicación, distribución, fabricación y copyright Madrid, España :
Nombre del de productor, editor, distribuidor, fabricante Delta,
Fecha de producción, publicación, distribución, fabricación o copyright 2019
300 ## - DESCRIPCIÓN FÍSICA
Extensión xvi, 286 páginas :
Otras características físicas ilustraciones, gráficas, diagramas, tablas, fotos
336 ## - TIPO DE CONTENIDO
Fuente rdacontent
Término de tipo de contenido texto
Código de tipo de contenido txt
337 ## - TIPO DE MEDIO
Fuente rdamedia
Nombre/término del tipo de medio sin medio
Código del tipo de medio n
338 ## - TIPO DE SOPORTE
Fuente rdacarrier
Nombre/término del tipo de soporte volumen
Código del tipo de soporte nc
504 ## - NOTA DE BIBLIOGRAFÍA, ETC.
Nota de bibliografía, etc. Incluye bibliografías
505 ## - NOTA DE CONTENIDO CON FORMATO
Nota de contenido con formato Capítulo 1. Calidad: concepto y evolución histórica --<br/>Capítulo 2. Los gurús de la calidad --<br/>Capítulo 3. El modelo de gestión de la calidad total --<br/>Capítulo 4. Herramientas para la gestión de la calidad --<br/>Capítulo 5. Control estadístico de procesos --<br/>Capítulo 6. Normalización y certificación --<br/>Capítulo 7. La excelencia en la gestión --<br/>Capítulo 8. Gestión de la calidad en los servicios --<br/>Capítulo 9 La gestión de la calidad medioambiental --<br/>Anexo
520 ## - SUMARIO, ETC.
Sumario, etc. Este texto está dirigido a aquellas personas que quieren introducirse en el mundo de la gestión de la calidad y la excelencia en las organizaciones. Se ha diseñado para que pueda ser utilizado como manual docente en asignaturas relacionadas con la gestión de la calidad en las distintas titulaciones universitarias, tanto del ámbito de las ciencias económicas y empresariales, como de las ingenierías. Sin embargo, su utilidad no se limita al ámbito universitario, ya que su carácter práctico puede convertirle en una herramienta útil para directivos y profesionales que estén iniciando su formación en el campo de la gestión de la calidad y deseen aplicar herramientas de mejora en sus organizaciones.Este manual pretende ayudar a entender el funcionamiento de la gestión de la calidad y su vinculación con los principios de la excelencia empresarial. Para ello, junto con los planteamientos teóricos, se proporcionan numerosos ejemplos y actividades prácticas que permiten analizar la aplicación de la teoría a la realidad de las empresas y las organizaciones. Se incluyen también enlaces a recursos audiovisuales que están disponibles en Internet y que permiten desarrollar los contenidos de los capítulos o conocer alguna aplicación práctica de los mismos.Otras de las características distintivas de este manual es la inclusión en el mismo de la variable medioambiental como un elemento más en la gestión de la calidad en las organizaciones. Para facilitar el aprendizaje de los contenidos tratados, cada capítulo incluye un apartado final denominado Experiencias empresariales que nos acerca a la realidad de la gestión de la calidad y de la búsqueda de la excelencia en el entorno español e iberoamericano, ampliando el conocimiento de nuestro tejido empresarial más próximo, una de las principales carencias detectadas a lo largo de nuestra experiencia docente
650 13 - PUNTO DE ACCESO ADICIONAL DE MATERIA--TÉRMINO DE MATERIA
9 (RLIN) 147085
Término de materia o nombre geográfico como elemento de entrada Control de calidad
650 13 - PUNTO DE ACCESO ADICIONAL DE MATERIA--TÉRMINO DE MATERIA
9 (RLIN) 148852
Término de materia o nombre geográfico como elemento de entrada Gestión administrativa
650 13 - PUNTO DE ACCESO ADICIONAL DE MATERIA--TÉRMINO DE MATERIA
9 (RLIN) 186859
Término de materia o nombre geográfico como elemento de entrada Certificación
650 13 - PUNTO DE ACCESO ADICIONAL DE MATERIA--TÉRMINO DE MATERIA
9 (RLIN) 143891
Término de materia o nombre geográfico como elemento de entrada Gestión ambiental
650 13 - PUNTO DE ACCESO ADICIONAL DE MATERIA--TÉRMINO DE MATERIA
9 (RLIN) 147087
Término de materia o nombre geográfico como elemento de entrada Quality control
650 13 - PUNTO DE ACCESO ADICIONAL DE MATERIA--TÉRMINO DE MATERIA
9 (RLIN) 148850
Término de materia o nombre geográfico como elemento de entrada Administrative management
650 13 - PUNTO DE ACCESO ADICIONAL DE MATERIA--TÉRMINO DE MATERIA
9 (RLIN) 186860
Término de materia o nombre geográfico como elemento de entrada Certification
650 13 - PUNTO DE ACCESO ADICIONAL DE MATERIA--TÉRMINO DE MATERIA
9 (RLIN) 160239
Término de materia o nombre geográfico como elemento de entrada Environmental management
700 1# - PUNTO DE ACCESO ADICIONAL--NOMBRE DE PERSONA
9 (RLIN) 186862
Nombre de persona Chamorro Mera, Antonio
Término indicativo de función/relación autor
700 1# - PUNTO DE ACCESO ADICIONAL--NOMBRE DE PERSONA
9 (RLIN) 186863
Nombre de persona Rubio Lacoba, Sergio
Término indicativo de función/relación autor
942 ## - ELEMENTOS DE PUNTO DE ACCESO ADICIONAL (KOHA)
Fuente del sistema de clasificación o colocación Dewey Decimal Classification
Tipo de ítem Koha
Holdings
Estado de retiro Estado de pérdida Fuente del sistema de clasificación o colocación Estado dañado Restricciones de uso No para préstamo Código de colección Localización permanente Ubicación/localización actual Fecha de adquisición Fuente de adquisición Número de inventario Total de préstamos Signatura topográfica completa Código de barras Fecha visto por última vez Número de copia Precio válido a partir de Tipo de ítem Koha Renovaciones totales Fecha del último préstamo
    Dewey Decimal Classification   Préstamo interno   General Ingenieria Agroindustrial Ingenieria Agroindustrial 16/12/2021 Compra Carvann Books F. C22 Consumo   658.562 M57 2019 1102014710 28/04/2023 Ej. 1 28/04/2023 Libro    
    Dewey Decimal Classification   Préstamo 5 días   General Ingenieria Agroindustrial Ingenieria Agroindustrial 16/12/2021 Compra Carvann Books F. C22 Consumo   658.562 M57 2019 1102014711 28/04/2023 Ej. 2 28/04/2023 Libro    
    Dewey Decimal Classification   Préstamo 5 días   General Ingenieria Agroindustrial Ingenieria Agroindustrial 16/12/2021 Compra Carvann Books F. C22 Consumo 1 658.562 M57 2019 1102014712 27/02/2024 Ej. 3 28/04/2023 Libro 1 13/02/2024